000 00644nam a2200229 i 4500
001 C2-0297736
003 PPAK
005 20180728075923.0
008 090521s2000 ii |||| ||||| | tam d
040 _aPPAK
_beng
_cPPAK
_erda
082 0 4 _a894.8113
_223
090 0 0 _a894.8113
_bSUN
_dK
100 1 _aSundramoortthi, R.,
_eauthor
245 1 0 _aPootham sonia puthumai kathaikal
264 1 _aChennai, India :
_bThanaletchmi Pathipagam ,
_c2000
300 _a96 pages ;
_c18 cm
336 _2rdacontent
_atext
337 _2rdamedia
_aunmediated
338 _2rdacarrier
_avolume
650 1 0 _aChildren's stories, Tamil
942 _ddc
_cB
999 _c102101
_d102101